000 00942nam a2200241 a 4500
001 55994
003 BD-RjUL
005 20211209080336.0
008 161124r19591962bg ||||| |||| 00| 0 ben d
020 _c: TK 3.00
035 _a(BD-RjUL)56118
040 _aBD-RjUL
_bben
_cBD-RjUL
041 _aben
082 _223
_a915.38
_bMOK 1962
100 _aমোতাদাইয়েন, মুহম্মদ
_9166683
245 1 0 _aকাবা ঘুরে এলাম /
_cমুহম্মদ মোতাদাইয়েন
250 _aপরি. ও পরিমার্জিত সং .
260 _aঢাকা :
_bমুহম্মদ মোতাদাইয়েন,
_c১৯৬২
300 _a[১২], ২১২ পৃ. ;
_c১৭ সেমি .
650 _aএশিয়া ভ্রমণ
_9165234
_zসৌদি আরব
650 _aTravel In Asia
_9165235
_zSaudi Arabia
942 _2ddc
_cBK
999 _c55994
_d55994